Free government in the making : Readings in American political thought

Contents: The doer, the so-called practical man, has ever been pre-eminent in American culture. The pioneering man of action cleared the forrest, conquered the foe, and established the foundations of political independence...

Spremljeno u:
Bibliografski detalji
Glavni autor: Mason, Alpheus Thomas
Format: Knjiga
Jezik:Undetermined
Izdano: New York Oxford University Press 1949
Teme:
Oznake: Dodaj oznaku
Bez oznaka, Budi prvi tko označuje ovaj zapis!
Thư viện lưu trữ: Trung tâm Học liệu Trường Đại học Cần Thơ
LEADER 00876nam a2200217Ia 4500
001 CTU_223283
008 210402s9999 xx 000 0 und d
082 |a 320.973 
082 |b M398 
100 |a Mason, Alpheus Thomas 
245 0 |a Free government in the making : 
245 0 |b Readings in American political thought 
245 0 |c Alpheus Thomas Mason 
260 |a New York 
260 |b Oxford University Press 
260 |c 1949 
520 |a Contents: The doer, the so-called practical man, has ever been pre-eminent in American culture. The pioneering man of action cleared the forrest, conquered the foe, and established the foundations of political independence... 
650 |a United States,Mỹ 
650 |x Politics and government,Chính trị và chính phủ 
904 |i Vũ Anh, Giang 
980 |a Trung tâm Học liệu Trường Đại học Cần Thơ